00873nam a22002297a 4500003000400000005001700004008004100021020001800062040007300080050002800153245012900181260005300310300003000363500004400393504004100437546002100478650002200499650002700521700003300548700003100581700003100612OSt20220919023157.0220121b ||||| |||| 00| 0 eng d a9786218035850 bEnglish.cCvSU-CCAT Campus Library.erda.aCvSU-CCAT Campus Library. aF LB 2157.P5 bF43 2020 aField study 1 :bobservations of teaching-learning in actual school environment /cMaria Rita D. Lucas...[and three others]. aQuezon City :bLorimar Publishing, Inc.,cc2020. axxvi, 243 pages :b28 cm. aOBE-& PPST-Based ; PAFTE Project Write. aIncludes bibliographical references. aIn English text. aStudent teaching. aTeachersvTraining of. aBorabo, Milagros L., author. aBilbao, Purita P., author. aCorpuz, Brenda B., author.